Oldest Universities in the World Quiz Stats

 Plays Quiz not verified by Sporcle

Support Sporcle.
Go Orange.
Score 0/10 Timer 03:00
0 Plays Today
Year Est. University % Correct
1096 A.D.University of Oxford
90.9%
1209 A.D.University of Cambridge
89.6%
1096 A.D.University of Paris
54.5%
1088 A.D.University of Bologna
44.2%
1218 A.D.University of Salamanca
22.1%
1222 A.D.University of Padua
19.5%
859 A.D.University of Al-Karaouine
9.1%
970 A.D.Al-Azhar University
9.1%
1065 A.D.Nizamiyya
7.8%
1150 A.D.University of Montpelier
7.8%

You're not logged in!

Compare scores with friends on all Sporcle quizzes.
OR
Log In

From the Vault

Who Am I? Comedians

by LisaSimpsonOH

'I think it’s the duty of the comedian to find out where the line is drawn and cross it deliberately.' - George Carlin
Remove Ads.
Support Sporcle.
Get the best of Sporcle when you Go Orange. This ad-free experience offers more features, more stats, and more fun while also helping to support Sporcle. Thank you for becoming a member.

Show Comments

Extras

Top Quizzes Today


Score Distribution

Your Account Isn't Verified!

In order to create a playlist on Sporcle, you need to verify the email address you used during registration. Go to your Sporcle Settings to finish the process.

Report this User

Report this user for behavior that violates our Community Guidelines.

Details: